000 00278nam a22001337a 4500
082 _a894.812.3
_bELA/A
100 _aELAYATH, NANNIKKAMATTOM
245 _aARAM PANDAVAR
260 _aALUVA
_bPEN BOOKS
_c2005
300 _a104
520 _aNOVEL
650 _aNOVEL
942 _cBK
999 _c4862
_d4862